Statistics for Quentin Tarantino Multiple Choice

Click here to take the quiz!

General Stats

  • This quiz has been taken 210 times
    (193 since last reset)
  • The average score is 10 of 14

Answer Stats

QuestionAnswer% Correct
What do they call a quarter pounder with cheese in Paris?Royale with cheese
95%
Body part frequently filmed as a fetish objectFeet
91%
Which language is NOT spoken in "Inglourious Basterds"?Russian
88%
Which object did Butch Coolidge's father make sure his son would get?a gold watch
85%
Which Madonna song is the point of discussion at the beginning of "Reservoir Dogs"?Like a Virgin
85%
What does Mr. Pink usually not do?tip
84%
Who is the only actor to win an Oscar for a role in a Tarantino movie?Christoph Waltz
80%
Which famous movie director is depicted in "Once Upon a Time in Hollywood"?Roman Polanski
75%
Which movie, written by and starring Tarantino, was directed by Robert Rodriguez?From Dusk Till Dawn
69%
Who scored the music for "The Hateful Eight"?Ennio Morricone
60%
Jamie Foxx stars in "Django Unchained", but who played the original Django?Franco Nero
58%
What is Zoë Bell, lead actress of "Death Proof", usually known for?Stunt driving
58%
Which is the highest-grossing Tarantino movie as of 2019?Django Unchained
38%
"Jackie Brown" is the only movie he adapted from a book. Who wrote it?Elmore Leonard
38%

Score Distribution

Percentile by Number Answered

Percent of People with Each Score

Your Score History

You have not taken this quiz since the last reset